[Event "POL-chT3 Dolnoslaskie 1314"]
[Site "Poland"]
[Date "2014.02.02"]
[Round "8.19"]
[White "Wieczorek, Lech"]
[Black "Drazek, Wladyslaw"]
[Result "1-0"]
[WhiteElo "1885"]
[BlackElo "2027"]
[PlyCount "153"]
[EventDate "2013.10.20"]
[EventType "team-tourn"]
[EventRounds "11"]
[EventCountry "POL"]
[SourceTitle "EXT 2018"]
[Source "ChessBase"]
[SourceDate "2017.10.13"]
[SourceVersion "1"]
[SourceVersionDate "2017.10.13"]
[SourceQuality "1"]
[WhiteTeam "Wroclaw MUKS MDK Fabryczna"]
[BlackTeam "Polanica Zdroj KSz"]
[WhiteTeamCountry "POL"]
[BlackTeamCountry "POL"]

1. d4 Nf6 2. c4 d6 3. Nc3 g6 4. e4 Bg7 5. f4 c5 6. d5 0-0 7. Nf3 e6 8. Be2 exd5 9. cxd5 Re8 10. e5 Nfd7 11. exd6 a6 12. a4 Nf6 13. 0-0 Qxd6 14. Ne5 Nbd7 15. Nc4 Qf8 16. Bf3 Rb8 17. a5 b5 18. axb6 Nxb6 19. Na5 Qd6 20. Nc6 Ra8 21. Qb3 Nbd7 22. Nb5 axb5 23. Rxa8 b4 24. Ra7 Nb6 25. Rd1 c4 26. Qxb4 Qxb4 27. Nxb4 Bf8 28. d6 Bg4 29. Kf1 Bxf3 30. gxf3 Rd8 31. Rb7 Nc8 32. d7 Nd6 33. Rb6 Rxd7 34. Nd5 Nfe8 35. Rb8 Kg7 36. Nb6 Rc7 37. f5 Rc6 38. fxg6 hxg6 39. Nd7 f6 40. Nxf8 Kxf8 41. Bf4 Kf7 42. Rd8 Ke7 43. Ra8 g5 44. Re1+ Kf7 45. Bd2 Nc7 46. Rd8 Nf5 47. Rd7+ Kg6 48. Ba5 Ne6 49. Bc3 Nf4 50. Re8 Nh4 51. Kf2 Kf5 52. Ra7 Nd3+ 53. Kg3 Ng6 54. Ra5+ Nge5 55. Rea8 Rd6 56. R8a6 Rd8 57. Rc6 Rb8 58. Rxc4 Nxb2 59. Rb4 Rxb4 60. Bxb4 Nbd3 61. Bc3 Ke6 62. Bxe5 Nxe5 63. Rb5 Kf5 64. Kf2 Kf4 65. Rb4+ Kf5 66. Ke3 Ng6 67. Rb5+ Ke6 68. Ke4 Ne7 69. Rb6+ Kf7 70. Rb7 Ke6 71. Ra7 f5+ 72. Kd3 Ng6 73. Kd4 g4 74. Ra6+ Kf7 75. Rxg6 Kxg6 76. f4 Kh5 77. Ke5 1-0

[Event "POL-chT3 Dolnoslaskie 1314"]
[Site "Poland"]
[Date "2014.01.19"]
[Round "7.18"]
[White "Wieczorek, Lech"]
[Black "Kawaler, Adam"]
[Result "1-0"]
[WhiteElo "1885"]
[BlackElo "1671"]
[PlyCount "53"]
[EventDate "2013.10.20"]
[EventType "team-tourn"]
[EventRounds "11"]
[EventCountry "POL"]
[SourceTitle "EXT 2018"]
[Source "ChessBase"]
[SourceDate "2017.10.13"]
[SourceVersion "1"]
[SourceVersionDate "2017.10.13"]
[SourceQuality "1"]
[WhiteTeam "Wroclaw MUKS MDK Fabryczna"]
[BlackTeam "Wroclaw MUKS MDK Srodmiescie"]
[WhiteTeamCountry "POL"]
[BlackTeamCountry "POL"]

1. d4 d5 2. c4 e6 3. Nc3 c5 4. cxd5 exd5 5. Nf3 Nf6 6. Bg5 Be6 7. e3 Nc6 8. Be2 Be7 9. dxc5 Bxc5 10. 0-0 d4 11. Bxf6 Qxf6 12. Ne4 Qe7 13. Nxc5 Qxc5 14. Nxd4 Nxd4 15. exd4 Qb4 16. a3 Qb6 17. d5 Rd8 18. Qa4+ Bd7 19. Qe4+ Kf8 20. Rfe1 Qxb2 21. Bg4 Re8 22. Qf4 Bb5 23. Qd6+ Kg8 24. Rxe8+ Bxe8 25. Re1 g6 26. Rxe8+ Kg7 27. Qe5+ 1-0

[Event "POL-chT3 Dolnoslaskie 1314"]
[Site "Poland"]
[Date "2013.12.15"]
[Round "5.25"]
[White "Wieczorek, Lech"]
[Black "Sitek, Pawel"]
[Result "1-0"]
[WhiteElo "1885"]
[BlackElo "1735"]
[PlyCount "119"]
[EventDate "2013.10.20"]
[EventType "team-tourn"]
[EventRounds "11"]
[EventCountry "POL"]
[SourceTitle "EXT 2018"]
[Source "ChessBase"]
[SourceDate "2017.10.13"]
[SourceVersion "1"]
[SourceVersionDate "2017.10.13"]
[SourceQuality "1"]
[WhiteTeam "Wroclaw MUKS MDK Fabryczna"]
[BlackTeam "Olesnica Pogon"]
[WhiteTeamCountry "POL"]
[BlackTeamCountry "POL"]

1. d4 Nf6 2. c4 g6 3. Nc3 Bg7 4. e4 d6 5. f4 0-0 6. Nf3 c5 7. d5 e6 8. Be2 exd5 9. cxd5 b5 10. e5 dxe5 11. fxe5 Ng4 12. Bg5 Qb6 13. 0-0 c4+ 14. Kh1 Nxe5 15. Nxe5 Bxe5 16. Be7 Bb7 17. d6 Nd7 18. Nd5 Qc5 19. Bf3 Rab8 20. b4 Qd4 21. Qxd4 Bxd4 22. Rad1 Be5 23. Bxf8 Kxf8 24. Ne7 Bxf3 25. Rxf3 a6 26. Rdf1 f5 27. g4 Bxd6 28. Nc6 Rb6 29. gxf5 Rxc6 30. fxg6+ Kg7 31. Rf7+ Kxg6 32. Rxd7 Bxb4 33. Rff7 c3 34. Rc7 Re6 35. Rf2 Ba5 36. Rc8 b4 37. Kg2 Bb6 38. Rg8+ Kh5 39. Rf5+ Kh6 40. Rf4 Re2+ 41. Kh3 Re3+ 42. Kg4 Re6 43. Rxb4 Bf2 44. Rc4 Be1 45. Rc5 Rg6+ 46. Rxg6+ hxg6 47. Kf3 Bd2 48. Ke2 Bf4 49. Rxc3 Kg5 50. h3 Kh4 51. Kf1 a5 52. Kg2 g5 53. Rc8 Kh5 54. Kf3 Kg6 55. Kg4 Bd2 56. Rc6+ Kf7 57. Rd6 Bc1 58. Rd5 a4 59. Rc5 Bd2 60. Rc7+ 1-0

[Event "Cappelle op 24th"]
[Site "Cappelle la Grande"]
[Date "2008.02.20"]
[Round "6"]
[White "Wieczorek, Lech"]
[Black "Mohandesi, Shahin"]
[Result "0-1"]
[WhiteElo "1902"]
[BlackElo "2323"]
[PlyCount "108"]
[EventDate "2008.02.16"]
[EventType "swiss"]
[EventRounds "9"]
[EventCountry "FRA"]
[SourceTitle "CBM 122 Extra"]
[Source "ChessBase"]
[SourceDate "2008.03.04"]
[SourceVersion "1"]
[SourceVersionDate "2008.03.04"]
[SourceQuality "1"]

1. d4 d5 2. c4 e6 3. Nc3 Bb4 4. a3 Bxc3+ 5. bxc3 Ne7 6. Nf3 c5 7. e3 b6 8. Bd3 dxc4 9. Bxc4 0-0 10. 0-0 Ba6 11. Bxa6 Nxa6 12. Qe2 Qc8 13. e4 Qb7 14. Ng5 Rad8 15. Bb2 h6 16. Nh3 Nc7 17. Nf4 Ne8 18. Nh5 Ng6 19. e5 Nc7 20. Qg4 cxd4 21. cxd4 Nd5 22. h4 Nde7 23. Ng3 Nf5 24. Nxf5 exf5 25. Qg3 Qe4 26. f4 Qe2 27. Rf2 Qh5 28. Qh3 Nxh4 29. Kf1 Qg4 30. Qxg4 fxg4 31. f5 g6 32. f6 Nf5 33. Rd2 Rd5 34. Ke2 Rfd8 35. Rad1 Kf8 36. Rd3 Ke8 37. R1d2 Rc8 38. Rc3 Rxc3 39. Bxc3 Kd7 40. Kd3 Ke6 41. Ke4 g5 42. Rc2 Ng3+ 43. Ke3 Rb5 44. Bb4 a5 45. Bf8 Rb3+ 46. Kf2 Ne4+ 47. Ke2 h5 48. Rc7 Nc3+ 49. Kf2 g3+ 50. Ke1 Nd5 51. Rc6+ Kf5 52. Rd6 Nf4 53. Rd7 Nxg2+ 54. Kf1 Nf4 0-1

[Event "Wroclaw Polonia op-A"]
[Site "Wroclaw"]
[Date "2005.07.02"]
[Round "9"]
[White "Wieczorek, Oskar"]
[Black "Wieczorek, Lech"]
[Result "1/2-1/2"]
[WhiteElo "1999"]
[BlackElo "1975"]
[PlyCount "65"]
[EventDate "2005.06.??"]
[EventType "swiss"]
[EventRounds "9"]
[EventCountry "POL"]
[SourceTitle "EXT 2006"]
[Source "ChessBase"]
[SourceDate "2005.11.24"]
[SourceVersion "1"]
[SourceVersionDate "2005.11.24"]
[SourceQuality "1"]

1. e4 c6 2. d4 d5 3. Nc3 dxe4 4. Nxe4 Bf5 5. Ng3 Bg6 6. h4 h6 7. Nf3 Nd7 8. h5 Bh7 9. Bd3 Bxd3 10. Qxd3 Qc7 11. Bd2 e6 12. 0-0-0 0-0-0 13. Rhe1 Ngf6 14. Kb1 Bd6 15. Ne4 Nxe4 16. Rxe4 Nf6 17. Rh4 Kb8 18. c4 Ka8 19. Qe2 c5 20. Bc3 cxd4 21. Nxd4 a6 22. g3 Rd7 23. Nc2 Be5 24. Rxd7 Nxd7 25. Bxe5 Nxe5 26. Rd4 Rd8 27. b3 Rxd4 28. Nxd4 Qd6 29. Qd2 Ng4 30. Kc2 Nf6 31. Qd1 Qe5 32. Nb5 Qf5+ 33. Kc1 1/2-1/2

[Event "Wroclaw Polonia op-A"]
[Site "Wroclaw"]
[Date "2005.06.28"]
[Round "3"]
[White "Hermanowicz, Dominika"]
[Black "Wieczorek, Lech"]
[Result "1/2-1/2"]
[WhiteElo "2074"]
[BlackElo "1975"]
[PlyCount "118"]
[EventDate "2005.06.??"]
[EventType "swiss"]
[EventRounds "9"]
[EventCountry "POL"]
[SourceTitle "EXT 2006"]
[Source "ChessBase"]
[SourceDate "2005.11.24"]
[SourceVersion "1"]
[SourceVersionDate "2005.11.24"]
[SourceQuality "1"]

1. e4 c6 2. d4 d5 3. Nd2 dxe4 4. Nxe4 Bf5 5. Ng3 Bg6 6. Nh3 Nd7 7. Nf4 e5 8. Nxg6 hxg6 9. Bc4 Nb6 10. Bd3 exd4 11. Bd2 Qd7 12. Qe2+ Be7 13. 0-0-0 0-0-0 14. c3 Bf6 15. Ne4 dxc3 16. Bxc3 Bxc3 17. Nxc3 Qc7 18. Bc2 Nf6 19. Bb3 Nbd5 20. Nxd5 Nxd5 21. Bxd5 Rxd5 22. Rxd5 cxd5+ 23. Qc2 Qxc2+ 24. Kxc2 Kd7 25. Kd3 Kd6 26. h3 Rh4 27. Re1 Rh8 28. Kd4 Rc8 29. Kd3 f6 30. Rd1 g5 31. Re1 Kd7 32. Kd2 Rc4 33. Kd3 Rc7 34. Kd2 Kd6 35. Kd3 f5 36. Kd2 Re7 37. Rc1 Ke5 38. Re1+ Kf6 39. Rc1 f4 40. Rc8 g4 41. hxg4 Kg5 42. Rd8 Kxg4 43. Rxd5 g5 44. Rc5 Re6 45. Rd5 Rb6 46. Kc2 Rc6+ 47. Kd2 Rc7 48. Re5 Rd7+ 49. Ke2 Rd6 50. Rc5 Rb6 51. Rc2 Kf5 52. f3 Rb5 53. Kd3 g4 54. fxg4+ Kxg4 55. b3 Rd5+ 56. Ke4 Rd7 57. Rc8 Re7+ 58. Kd4 Rg7 59. Ke4 Re7+ 1/2-1/2

[Event "Wroclaw Polonia op-A"]
[Site "Wroclaw"]
[Date "2005.06.28"]
[Round "2"]
[White "Wieczorek, Lech"]
[Black "Przezdziecka, Ewa"]
[Result "1/2-1/2"]
[WhiteElo "1975"]
[BlackElo "2063"]
[PlyCount "101"]
[EventDate "2005.06.??"]
[EventType "swiss"]
[EventRounds "9"]
[EventCountry "POL"]
[SourceTitle "EXT 2006"]
[Source "ChessBase"]
[SourceDate "2005.11.24"]
[SourceVersion "1"]
[SourceVersionDate "2005.11.24"]
[SourceQuality "1"]

1. d4 Nf6 2. c4 g6 3. Nc3 d5 4. cxd5 Nxd5 5. Na4 Bg7 6. e4 Nb6 7. Be3 0-0 8. Nf3 N8d7 9. Be2 Nf6 10. Nc3 c6 11. 0-0 Be6 12. Qc2 Bc4 13. Bxc4 Nxc4 14. h3 Nxe3 15. fxe3 Bh6 16. Qf2 Qa5 17. Rad1 Qh5 18. Ne5 Bg5 19. Nf3 b5 20. a3 a5 21. e5 b4 22. axb4 axb4 23. exf6 bxc3 24. fxe7 Bxe7 25. bxc3 Qd5 26. Ra1 f5 27. Qc2 g5 28. c4 Qe6 29. Qd3 g4 30. Rxa8 Rxa8 31. Ne5 gxh3 32. Qxf5 Qxf5 33. Rxf5 Ra1+ 34. Kh2 hxg2 35. Kxg2 c5 36. Nd7 Rc1 37. Re5 Kf7 38. Nb6 cxd4 39. exd4 Bf6 40. Re4 Bd8 41. Nc8 Kg6 42. d5 Rd1 43. d6 Kf5 44. Re8 Bf6 45. c5 Rc1 46. d7 Rxc5 47. Nd6+ Kg4 48. Ne4 Rc2+ 49. Kf1 Bh4 50. d8Q Bxd8 51. Rxd8 1/2-1/2

[Event "Wroclaw Polonia op-A"]
[Site "Wroclaw"]
[Date "2005.06.27"]
[Round "1"]
[White "Klykow, Lukasz"]
[Black "Wieczorek, Lech"]
[Result "1-0"]
[WhiteElo "2168"]
[BlackElo "1975"]
[PlyCount "83"]
[EventDate "2005.06.??"]
[EventType "swiss"]
[EventRounds "9"]
[EventCountry "POL"]
[SourceTitle "EXT 2006"]
[Source "ChessBase"]
[SourceDate "2005.11.24"]
[SourceVersion "1"]
[SourceVersionDate "2005.11.24"]
[SourceQuality "1"]

1. e4 d5 2. exd5 Qxd5 3. Nc3 Qa5 4. d4 Nf6 5. Nf3 Bg4 6. Bc4 e6 7. h3 Bh5 8. g4 Bg6 9. Ne5 Nbd7 10. Nxg6 hxg6 11. Qf3 Qb4 12. Bb3 c6 13. Bd2 Qxd4 14. 0-0-0 Bc5 15. g5 Qxf2 16. Qxf2 Bxf2 17. gxf6 Nxf6 18. Bg5 Bh4 19. Be3 Rh5 20. Kb1 Ke7 21. Rd4 Bg3 22. Ne4 Nxe4 23. Rxe4 b6 24. h4 Rah8 25. Rg4 Be5 26. Ra4 Bb8 27. Re1 e5 28. Rf1 Rf5 29. Rg1 Rf3 30. Bg5+ f6 31. Bc1 g5 32. hxg5 f5 33. g6 f4 34. Rc4 c5 35. Re4 Kf6 36. Re2 Rh6 37. Bd5 Rfh3 38. Be4 R6h4 39. Rd2 Ke7 40. Bf5 Rh1 41. Rd7+ Kf6 42. Rf7# 1-0

[Event "Wroclaw-ch"]
[Site "Wroclaw"]
[Date "2003.??.??"]
[Round "6"]
[White "Wieczorek, Lech"]
[Black "Dubinski, Mateusz"]
[Result "0-1"]
[WhiteElo "2000"]
[BlackElo "2105"]
[PlyCount "118"]
[EventDate "2003.??.??"]
[EventType "swiss"]
[EventRounds "9"]
[EventCountry "POL"]
[SourceTitle "EXT 2007"]
[Source "ChessBase"]
[SourceDate "2006.11.23"]
[SourceVersion "1"]
[SourceVersionDate "2006.11.23"]
[SourceQuality "1"]

1. d4 Nf6 2. c4 g6 3. Nc3 Bg7 4. e4 d6 5. f4 0-0 6. Nf3 c5 7. d5 e6 8. Bd3 exd5 9. cxd5 b5 10. Bxb5 Qb6 11. 0-0 c4+ 12. Kh1 Ng4 13. Bxc4 Nf2+ 14. Rxf2 Qxf2 15. Qd3 Nd7 16. Nd1 Qb6 17. Be3 Nc5 18. Qa3 Qc7 19. Bxc5 dxc5 20. Qd3 Qxf4 21. Nc3 Rb8 22. Bb3 Bb7 23. Re1 Rfe8 24. Qc4 Kh8 25. Qxc5 f5 26. d6 fxe4 27. Ng5 Be5 28. Nf7+ Kg7 29. Nxe5 Qxe5 30. Qc7+ Kh8 31. Ba4 Rec8 32. Qe7 Qxe7 33. dxe7 Kg7 34. e8Q Rxe8 35. Bxe8 Rxe8 36. Kg1 Kf6 37. Nb5 Ke5 38. Kf2 Rd8 39. Nc3 h5 40. g3 Bc6 41. Rd1 Rf8+ 42. Ke2 g5 43. Rf1 Rxf1 44. Kxf1 Kd4 45. Ke2 Bd7 46. a3 a6 47. Na2 Bb5+ 48. Kd2 e3+ 49. Ke1 Kd3 50. Nb4+ Ke4 51. Nc2 Bc4 52. Nb4 Kf3 53. Nc2 Bd3 54. Nb4 Bb5 55. Nc2 Ba4 56. Nd4+ Kg2 57. Ke2 Kxh2 58. Ne6 g4 59. Ng7 h4 0-1

[Event "Wroclaw-ch"]
[Site "Wroclaw"]
[Date "2003.??.??"]
[Round "8"]
[White "Wieczorek, Lech"]
[Black "Warakomski, Tomasz"]
[Result "1/2-1/2"]
[WhiteElo "2000"]
[BlackElo "2130"]
[PlyCount "88"]
[EventDate "2003.??.??"]
[EventType "swiss"]
[EventRounds "9"]
[EventCountry "POL"]
[SourceTitle "EXT 2007"]
[Source "ChessBase"]
[SourceDate "2006.11.23"]
[SourceVersion "1"]
[SourceVersionDate "2006.11.23"]
[SourceQuality "1"]

1. d4 d5 2. c4 dxc4 3. Nc3 Nf6 4. e4 e5 5. Nf3 exd4 6. Qxd4 Nc6 7. Qxd8+ Nxd8 8. e5 Nd7 9. Nb5 Ne6 10. Bxc4 a6 11. Nc3 Nb6 12. Bb3 Nc5 13. Bc2 Bg4 14. 0-0 Be7 15. Nd4 Rd8 16. Nf5 Bxf5 17. Bxf5 0-0 18. Bf4 Nd3 19. Bxd3 Rxd3 20. Rad1 Rfd8 21. Rxd3 Rxd3 22. Rd1 Rxd1+ 23. Nxd1 Nd5 24. Bg3 f6 25. exf6 Bxf6 26. Kf1 Kf7 27. Ke2 Ke6 28. a4 c5 29. b3 Bd4 30. Kd3 b5 31. f3 g5 32. Ke4 bxa4 33. bxa4 Nb6 34. a5 Nc4 35. Be1 Nd6+ 36. Kd3 Kd5 37. Nc3+ Kc6 38. Bd2 h6 39. h4 Bf6 40. hxg5 hxg5 41. Ne4 c4+ 42. Kc2 Nxe4 43. fxe4 g4 44. Bf4 Bd8 1/2-1/2